LEADER 01205nam1-2200409---450- 001 990005860580203316 005 20130620113340.0 035 $a000586058 035 $aUSA01000586058 035 $a(ALEPH)000586058USA01 035 $a000586058 100 $a20130620d2012----km-y0itay50------ba 101 $aita 102 $aIT 105 $a||||||||001yy 200 1 $aAlmanacco dell'architetto$fda un'idea di Renzo Piano 210 $aBologna$cProctor$d2012 215 $a2 volumi$d24 cm$e1 CD-ROM 300 $aIn custodia 410 0$12001 454 1$12001 461 1$1001-------$12001 463 \1$1001990005860590203316$12001 $aViaggi nell'architettura 463 \1$1001990005860770203316$12001 $aCostruire l'architettura 606 0 $aArchitettura$zSec. 20.$2BNCF 676 $a724.91 702 1$aPIANO,$bRenzo 801 0$aIT$bsalbc$gISBD 912 $a990005860580203316 951 $a724.91 ALM 1/$bIng.$c724.91 ALM 959 $aBK 969 $aTEC 979 $aFIORELLA$b90$c20130620$lUSA01$h0932 979 $aFIORELLA$b90$c20130620$lUSA01$h1133 979 $aFIORELLA$b90$c20130620$lUSA01$h1133 996 $aAlmanacco dell'architetto$91086375 997 $aUNISA LEADER 01122nam a2200289 i 4500 001 991000700639707536 005 20020507172441.0 008 980202s1970 it ||| | ita 035 $ab10745063-39ule_inst 035 $aLE01300926$9ExL 040 $aDip.to Matematica$beng 082 0 $a511.2 084 $aAMS 18B20 100 1 $aDarbo, G.$0534705 245 10$aAspetti algebrico-categoriali della teoria dei dispositivi /$cG. Darbo 260 $aGenova :$bIst. Mat. Univ. Genova,$c1970 300 $a[33] p. ;$c23 cm. 490 0 $aPubblicazioni dell'Istituto di Matematica dell'Università di Genova ;$v218 500 $aEstratto da: "Symposia mathematica", vol. 4 (1970), pp. 303-336 650 4$aAutomata theory 650 4$aCategories of machines 907 $a.b10745063$b23-02-17$c28-06-02 912 $a991000700639707536 945 $aLE013 18B DAR11 (1970)$g1$i2013000095042$lle013$o-$pE0.00$q-$rl$s- $t0$u0$v0$w0$x0$y.i10837140$z28-06-02 996 $aAspetti algebrico-categoriali della teoria dei dispositivi$9910623 997 $aUNISALENTO 998 $ale013$b01-01-98$cm$da $e-$fita$git $h0$i1